Central Library and Information Centre
Sibsagar Girls' College, Sivasagar : Assam

ADVANCED DIFFERENTIAL CALCULUS (Record no. 28247)

MARC details
000 -LEADER
fixed length control field 00748cam a2200205ua 4500
001 - CONTROL NUMBER
control field 25000
008 - FIXED-LENGTH DATA ELEMENTS--GENERAL INFORMATION
fixed length control field 191003n2015 II |||gr||||Z||||||eng
082 ## - DEWEY DECIMAL CLASSIFICATION NUMBER
Classification number 515.3
245 1# - TITLE STATEMENT
Title ADVANCED DIFFERENTIAL CALCULUS
Medium Textual Documents
250 ## - EDITION STATEMENT
Edition statement 21 st.
260 ## - PUBLICATION, DISTRIBUTION, ETC.
Place of publication, distribution, etc. MEERUT
Name of publisher, distributor, etc. KRISHNA PRAKASHAN MANDIR
Date of publication, distribution, etc. 2015
300 ## - PHYSICAL DESCRIPTION
Extent 242.
653 ## - INDEX TERM--UNCONTROLLED
Uncontrolled term Differential Calculus
700 1# - ADDED ENTRY--PERSONAL NAME
Personal name SARMAH , J N-.N.,1
Relator term AUTHOR.
Holdings
Withdrawn status Lost status Source of classification or shelving scheme Damaged status Not for loan Collection code Home library Current library Shelving location Date acquired Full call number Barcode Date last seen Price effective from Koha item type Public note
    Dewey Decimal Classification     TBMAT Central Library and Information Centre Sibsagar Girls College Central Library and Information Centre Sibsagar Girls College MATHEMATICS BOOK RACK 28.08.2017 515.3 40397 16.06.2022 16.06.2022 Books V
    Dewey Decimal Classification     TBPHY Central Library and Information Centre Sibsagar Girls College Central Library and Information Centre Sibsagar Girls College PHYSICS BOOK RACK 28.08.2017 515.3 40398 16.06.2022 16.06.2022 Books V
    Dewey Decimal Classification     TBMAT Central Library and Information Centre Sibsagar Girls College Central Library and Information Centre Sibsagar Girls College MATHEMATICS BOOK RACK 28.08.2017 515.3 40399 16.06.2022 16.06.2022 Books V
    Dewey Decimal Classification     TBMAT Central Library and Information Centre Sibsagar Girls College Central Library and Information Centre Sibsagar Girls College MATHEMATICS BOOK RACK 28.08.2017 515.3 40400 16.06.2022 16.06.2022 Books V
    Dewey Decimal Classification     TBMAT Central Library and Information Centre Sibsagar Girls College Central Library and Information Centre Sibsagar Girls College MATHEMATICS BOOK RACK 28.08.2017 515.3 40401 16.06.2022 16.06.2022 Books V


Sibsagar Girl's College © 2020. All rights reserved.
Powered by Koha.
Maintained by Abhijit Borpuzari.